000 00916nam a2200289 a 4500
001 000115858
003 CHAP
005 20220329144551.0
008 190716s2017 mx a |r| ||||||spa d
010 _a112319
011 _a113291
020 _a9786075330013
040 _cCHAP
082 0 4 _a338.16
_bI58
245 0 0 _aInnovar para competir :
_b40 casos de éxito /
_cpor SAGARPA.
260 _aCiudad de México :
_bSAGARPA
_bIICA
_bCOFUPRO,
_c[2017].
300 _a175 p. :
_bil.
590 _aE5765TAJ
_b05
_c20190716
_lUCH01
_h1326
590 _aE5765TAJ
_b05
_c20190716
_lUCH01
_h1327
650 1 4 _aAgricultura
_xInnovaciones tecnológicas.
_91565
650 1 4 _aAlimentos
_xMercadeo.
_94245
650 1 4 _aProductos agrícolas
_xCalidad.
_991922
710 2 _aSecretaría de Agricultura, Ganadería, Desarrollo Rural, Pesca y Alimentación. México.
_9103542
901 _aBK
942 _cLIBRO
942 _n0
999 _c112319
_d112319